[Event "USA-ch"]
[Site "Seattle"]
[Date "2000.09.27"]
[Round "3"]
[White "Kaidanov, Gregory S"]
[Black "Gurevich, Dmitry"]
[Result "1/2-1/2"]
[WhiteElo "2624"]
[BlackElo "2542"]
[Annotator "Huzman,A"]
[PlyCount "97"]
[EventDate "2000.09.25"]
[EventType "tourn"]
[EventRounds "11"]
[EventCountry "USA"]
[EventCategory "14"]
[SourceTitle "CBM 080"]
[Source "ChessBase"]
[SourceDate "2001.01.25"]
[SourceVersion "1"]
[SourceVersionDate "2001.01.25"]
[SourceQuality "1"]

1. d4 d5 2. c4 dxc4 {Illescas Cordoba: El gambito de dama aceptado fue la
defensa escogida por Anand en las tres partidas en que tuvo las negras. Visto
el resultado hay que aplaudir su elección ya que solo en esta ocasión conseguí
inquietarle. Debo reconocer que mi preparación teórica para este match no
estuvo a la altura de las circunstancias pero tenía una interesante idea para
esta última partida.} 3. e3 e6 4. Bxc4 Nf6 5. Nf3 c5 6. O-O a6 7. Bb3 {
Illescas Cordoba: Esta línea apareció invariablemente a lo largo del encuentro.
Mi entrenador, el GM Roberto Cifuentes tenía interesantes ideas para mejorar
el juego de las blancas en las variantes principales.} cxd4 8. exd4 Be7 9. Nc3
Nc6 10. Re1 O-O 11. Bf4 {Illescas Cordoba: Esta era la mejora que tenía
preparada para la ocasión. El día anterior estuvimos analizando a fondo las
consecuencias de este movimiento en apariencia inofensivo. En la cuarta
partida del match jugué 11.Bg5 y tras 11...b5 quedó claro que las blancas no
pueden romper en d5 so pena de entregar material.} Na5 {Illescas Cordoba: Una
maniobra temática que gana tiempo amenazando el alfil blanco con lo que tras
la retirada obligada del mismo las negras controlan la casilla d5 con fuerzas
superiores.} (11... b5 12. d5 exd5 13. Nxd5 Nxd5 14. Qxd5 Bb7 15. Qh5 Bf6 16.
Rad1 Qc8 17. Bd6 g6 18. Qh6 $18 {1-0 Epishin,V-Jonkman,H/Amsterdam NED 2000/
The Week in Chess 302 (30)}) 12. d5 (12. Bc2 b5 {Illescas Cordoba: Este
resulta ser el mejor método para desarrollar el alfil de b7; el peón en b5
también puede ser útil en un futuro para hostigar al caballo blanco de c3
mediante el avance b5-b4} 13. d5 {Illescas Cordoba: Un interesante sacrificio
de peón cuyas consecuencias no quedan claras tras esta partida aunque promete
una indudable compensación a las blancas. Lo cierto es que a estas alturas del
encuentro yo había comprendido que en esta variante, tras la jugada 7.Bb3, las
negras obtienen una cómoda posición si consiguen desarrollar a tiempo el
flanco de dama. Por ello había preparado esta entrega; las blancas abren el
juego en un momento muy oportuno, con el alfil negro todavía en c8 y el
caballo algo descolocado en a5} (13. Qd3 Bb7 14. Be5 g6 15. Qe3 Nc4 16. Qh6
Bxf3 17. gxf3 Nh5 18. Ne4 f5 $19 {0-1 Akesson,R-Degerman,L/Ronneby 1998/EXT 99
(23)}) 13... exd5 14. Bg5 (14. Qd3 {Illescas Cordoba: El intento más directo
de asaltar la posición enemiga pasa por montar la máquina en la diagonal b1-h7
para provocar debilidades en el enroque de las negras.} Nc6 (14... g6 {
Illescas Cordoba: Necesaria para contarrestar la fuerza del tándem Bc2-Qd3.
Las debilidades surgidas en torno al enroque son sin duda graves pero no había
más remedio.} 15. Rxe7 {Illescas Cordoba: Un sacrificio un tanto precipitado.
La verdad es que la noche anterior, mientras alternábamos con un grupo de
amigos, entre ellos varios GM y MI, estuvimos analizando las consecuencias del
avance 12.d5 y llegamos incluso a considerar este sacrificio de calidad.
Análisis posteriores parecieron demostrar las bondades del mismo, pero Anand
se encargó de demostrar que las negras tienen suficientes recursos defensivos
e incluso mejores posibilidades tras la jugada textual.} Qxe7 16. Bg5 {
Illescas Cordoba: La continuación lógica. Las blancas plantean ahora amenazas
decisivas, pero Anand, con gran sangre fría, conseguirá rechazarlas.} Qd6 {
Illescas Cordoba: Las negras comprenden a tiempo que su mejor defensa pasa
necesariamente por deshacer la clavada sobre su caballo.} 17. Qd4 {Illescas
Cordoba: Esta jugada es la única que puede inquietar a las negras.} {Illescas
Cordoba: Este es uno de los momentos más importantes de la partida; Anand
encuentra la jugada que nosotros omitimos en nuestro análisis.} Nh5 18. Nxd5
Nc6 {Illescas Cordoba: Esta es la clave de la defensa negra. La dama en d6
está indefensa y expuesta a una eventual captura tras el jaque del caballo
blanco, pero aunque por los pelos, las negras aguantan gracias a la oportuna
intervención del caballo negro.} 19. Qd2 {Illescas Cordoba: Mal síntoma tener
que retirarse de la excelente diagonal a1-h8, pero lo cierto es que no hay
alternativas mejores.} f6 20. Bb3 Kh8 21. Be3 {Illescas Cordoba: A primera
vista no se observa una gran compensación por la calidad pero existen
elementos suficientes para afirmar que dicha compensación existe: la pareja de
alfiles, las debilidades del enroque negro y la mala posición del caballo en
h5 son factores de peso.} Bg4 {Illescas Cordoba: Probablemente la mejor jugada.
} 22. Nb6 {Illescas Cordoba: Evidentemente las blancas no desean cambiar damas
con calidad de menos, pero se da la circunstancia de que había que elegir
entre dos males. Tras el cambio de damas las piezas blancas alcanzarán un alto
grado de coordinación.} Qxd2 {Illescas Cordoba: El cambio es forzado} 23. Nxd2
Rad8 $17 {0-1 Illescas Cordoba,M-Anand,V/Leon 1997/}) 15. Bc7 Qd7 16. Ne5 Nxe5
17. Bxe5 g6 18. Bxf6 Bxf6 19. Nxd5 Bg7 20. a4 bxa4 21. Bxa4 Qd8 $11 22. Bc6 {
1/2-1/2 Kasparov,G-Anand,V/Wijk aan Zee 1999/CBM 69/[Huzman] (22)}) 14... Nc6
15. Bxf6 Bxf6 16. Nxd5 g6 17. Nxf6+ Qxf6 18. Be4 Bf5 19. Bxc6 Qxc6 {1/2-1/2
Yevseev,D-Yakovich,Y/Samara RUS 2000 (19)}) 12... Nxb3 13. Qxb3 Bd6 (13... Nxd5
$5 14. Rad1 Nxf4 15. Rxd8 Rxd8 16. Rd1 Nd5 17. Nxd5 exd5 18. h3 b5 19. Rxd5 Be6
20. Rxd8+ Rxd8 21. Qc2 {1/2-1/2 Gelfand,B-Shirov,A/New Delhi IND 2000/The Week
in Chess 318 (21)}) 14. Bxd6 (14. dxe6 Bxe6 15. Rxe6 Bxf4 16. Rb6 (16. Re2 Qc7
$11) 16... Nd7 17. Rb4 Nc5 $11) 14... Qxd6 15. Rad1 exd5 16. Nxd5 Nxd5 17. Rxd5
Qf6 18. Nd4 $14 {/=} b5 19. Qg3 Ra7 (19... Bb7 $2 20. Rd6 Rfe8 21. Re3 $1 Rac8
(21... Rxe3 22. fxe3 Qe7 23. Nf5 Qf8 24. Rd7 Rb8 25. Nxg7 $18) 22. f3 $18) 20.
Rd6 Re7 21. Rd1 Qe5 22. Qxe5 Rxe5 23. Rc1 Rfe8 24. f3 g6 25. Kf2 h5 26. h4 (26.
b4 $5 {[%csl Ra6,Rb5]}) 26... b4 {[%cal Ye5a5]} 27. Rc2 Kg7 28. b3 a5 29. Nc6
Bf5 (29... Rf5) 30. Nxe5 Bxc2 31. Nc6 (31. Rd5 a4 32. bxa4 Bb1 $132) 31... Ra8
(31... Bb1 32. Nxa5 (32. Rd2 Re6 33. Nxa5 Ra6 34. Nb7 Bxa2 35. Nc5 Ra5 36. Rc2
Kf6 $11) 32... Ra8 33. Rd5 Bxa2 34. Rb5 $14) 32. Rd2 Bf5 33. Ke3 a4 $2 (33...
Be6) 34. bxa4 (34. Nxb4 axb3 35. axb3 Rb8 36. Rd4 Be6 $11) 34... Rxa4 35. Rb2
b3 36. axb3 Rxh4 37. Nd4 (37. b4 $1 Bd7 (37... Rc4 38. b5) 38. Nd4) 37... Bc8
38. Rc2 Bb7 39. b4 (39. Rc7 Bd5 40. Rd7 Rxd4 $11) 39... Rh1 40. Rc7 Bd5 41. Rc5
Bb7 42. b5 Rb1 43. Kf4 Rb4 44. Ke5 f6+ 45. Ke6 Rxd4 46. Rc7+ Kh6 47. Rxb7 Rd2
48. g3 (48. Kxf6 Rxg2 49. Rb8 Kh7 50. b6 Rb2 $11) 48... Rd3 49. f4 1/2-1/2

[Event "Nordic-ch"]
[Site "Aarhus"]
[Date "2003.09.13"]
[Round "7"]
[White "Palo, Davor"]
[Black "Hansen, Curt"]
[Result "1/2-1/2"]
[WhiteElo "2510"]
[BlackElo "2618"]
[Annotator "Huzman,A"]
[PlyCount "199"]
[EventDate "2003.09.06"]
[EventType "tourn"]
[EventRounds "11"]
[EventCountry "DEN"]
[EventCategory "10"]
[SourceTitle "CBM 098"]
[Source "ChessBase"]
[SourceDate "2004.02.03"]
[SourceVersion "1"]
[SourceVersionDate "2004.02.03"]
[SourceQuality "1"]

1. d4 d5 2. Nf3 Nf6 3. c4 dxc4 4. e3 e6 5. Bxc4 a6 6. Bb3 c5 7. O-O b5 8. a4 b4
9. Nbd2 Be7 10. dxc5 (10. e4) 10... O-O 11. e4 Nfd7 $1 12. Qe2 (12. e5 Nxc5 13.
Bc2 Bb7 {1/2-1/2 Kharlov,A-Yakovich,Y/Krasnoyarsk RUS 2003/The Week in Chess
461 (13)}) 12... Nxc5 13. Bc2 $2 (13. Bc4 Nc6 14. Nb3 Qc7 (14... Nxb3 15. Bxb3
Nd4 16. Nxd4 Qxd4 17. Rd1 Qe5 18. g3 $14) 15. Nxc5 (15. Bd2 Nxb3 (15... Rd8 16.
Nxc5 Bxc5 17. Rac1 Qb6 18. Bg5 f6 19. Bh4 $36 {[%cal Ge4e5]}) 16. Bxb3 Rd8 17.
Rac1 Bb7 18. Be3 Rac8 $11) 15... Bxc5 16. Be3 Bxe3 17. Qxe3 Ne5 $11) 13... a5
$15 14. Rd1 Ba6 15. Qe3 Qc7 16. Nf1 (16. Nb3 $5 Nbd7 (16... Nxa4 17. Bb1 Nc5
18. Nxa5 Bb5 19. Nb3 $15) 17. Nbd4 Bf6 18. Nb5 Bxb5 19. axb5 a4 $36) 16... Nc6
17. b3 Bf6 18. Rb1 Ne5 19. Nxe5 (19. Bb2 Ng4 20. Qe1 Nxa4 $17) 19... Bxe5 20.
Bb2 Bxb2 21. Rxb2 {By swapping the dark-coloured Bs, Black has exposed a set
of weak black squares in White's camp. According to Bronstein, that means that
his white squares are weak too because they can be approached and attacked
from those very black strongholds} Rfd8 22. Rc1 (22. e5 Rxd1 23. Bxd1 Nd3 24.
Re2 Qc3 $17) 22... Qe5 $17 {[%csl Ra4,Rb3][%cal Ya8c8,Yc8c1,Yd8d1][%mdl 36]
White's pawns ("a4" and "b3") are weak, as well as his black squares while
Black controls some open files in the centre. All that secures Black a huge
edge} 23. Rbb1 Rac8 24. f4 Qc3 25. e5 g6 (25... Bd3 26. Bxd3 Qxd3 27. g3 $15)
26. Bd1 Qd4 (26... Qxe3+ $142 27. Nxe3 Ne4 $17) 27. g3 Ne4 28. Rxc8 Qxe3+ 29.
Nxe3 Bxc8 30. Bc2 Nc3 31. Rf1 Ba6 32. Rf2 h5 33. Kg2 Rd4 34. Kh3 Kf8 35. Kh4
Ke7 36. Kh3 Be2 37. Kh4 Ba6 38. Kh3 Kf8 39. Kh4 Kg7 40. Kh3 Kh6 41. Kg2 Kg7 42.
Kg1 Ne4 43. Bxe4 (43. Rg2 Bd3 44. Bd1 Nc5 $17) 43... Rxe4 44. Nc2 Bb7 $1 45.
Rd2 Bd5 46. Nd4 Re3 47. f5 (47. Kf2 Rc3 48. f5 gxf5 49. Nxf5+ Kh7 50. Nd6 (50.
Nd4 Kg6 $1 $19) 50... Bxb3 $19) 47... Rxe5 48. fxe6 fxe6 49. Kf2 Kf6 $19 50.
Rd3 g5 51. Nb5 Rf5+ 52. Ke2 Ke7 53. Re3 g4 54. Nd4 Rg5 55. Kd2 Kd6 56. Ne2 e5
57. Nc1 Rf5 58. Nd3 Bxb3 (58... Rf3 $1 $19) 59. Nxb4 Bxa4 60. Rd3+ Kc5 61. Na6+
Kb5 62. Nc7+ Kc6 63. Nd5 Rf2+ 64. Ke1 Rxh2 65. Ne7+ Kc7 66. Nd5+ Kb7 67. Ra3
Rh1+ 68. Kf2 Rd1 $6 69. Nc3 Rd3 70. Rxa4 Rxc3 71. Rxa5 Rf3+ 72. Kg2 Rf5 73. Rc5
$17 Kb6 74. Rc8 Kb5 75. Rc7 Rf3 76. Re7 Re3 77. Kf2 Re4 78. Rc7 Rc4 79. Re7 Rc5
80. Ke3 Kc6 81. Ke4 Kd6 82. Rh7 Rc4+ 83. Kf5 Rc3 84. Rxh5 Rxg3 85. Rh8 Rf3+ 86.
Kxg4 Rf4+ (86... e4 87. Ra8 $13) 87. Kg3 Kd5 88. Ra8 $11 {White's R on the
"long side" allows him to draw by checking} Rf5 89. Ra5+ Kd4 90. Ra4+ Kd3 91.
Ra3+ Kc4 92. Ra4+ Kc5 93. Ra5+ Kb4 94. Rd5 Kc4 95. Ra5 Kd3 96. Ra3+ Kd2 97.
Ra2+ Kc3 98. Ra5 Rg5+ 99. Kh4 Rf5 100. Kg3 1/2-1/2

[Event "Olympiad-34"]
[Site "Istanbul"]
[Date "2000.11.02"]
[Round "6.2"]
[White "Milov, Vadim"]
[Black "Xu, Jun"]
[Result "1/2-1/2"]
[WhiteElo "2626"]
[BlackElo "2668"]
[Annotator "Huzman,A"]
[PlyCount "105"]
[EventDate "2000.10.28"]
[EventType "team-swiss"]
[EventRounds "14"]
[EventCountry "TUR"]
[SourceTitle "EXT 2001"]
[Source "ChessBase"]
[SourceDate "2000.11.22"]
[SourceVersion "1"]
[SourceVersionDate "2000.11.22"]
[SourceQuality "1"]
[WhiteTeam "Switzerland"]
[BlackTeam "China"]
[WhiteTeamCountry "SUI"]
[BlackTeamCountry "CHN"]

1. d4 d5 2. c4 dxc4 3. e3 e6 4. Bxc4 Nf6 5. Nf3 a6 6. a4 c5 7. O-O Nc6 8. Qe2
cxd4 9. Rd1 Be7 10. exd4 O-O 11. Nc3 Nb4 12. Ne5 Nfd5 13. Ra3 $146 f6 (13... b6
14. Ne4 (14. Nxd5 exd5) 14... Bb7 15. Rg3 $36) 14. Nf3 Bd7 15. Bd2 Rc8 16. a5 (
16. Nxd5 Nxd5 (16... exd5 17. Bxb4 $16) 17. Rb3 Rb8 18. a5 Bd6 $11) 16... Kh8
17. Rb3 Re8 $1 18. Nh4 Qc7 (18... Qxa5 19. Nxd5 exd5 20. Bd3 $40 {[%cal Ge2h5]}
Ba4 (20... f5 21. Qh5 Bxh4 22. Rxb4 Bf6 23. Rxb7 $16) 21. Qh5 Nxd3 22. Bxa5
Bxb3 23. Ng6+ Kg8 24. Nxe7+ Rxe7 25. Qf5 $16) (18... Bd6 $1 19. Bxd5 exd5 20.
Qh5 Qxa5 $17) 19. Bxd5 exd5 (19... Nxd5 $1 20. Qh5 Bd6 $15) 20. Qh5 Bd6 $2 (
20... Be6 $11) 21. Rxb4 Bxb4 22. Nxd5 Qc2 23. Bxb4 Ba4 24. Rf1 (24. Re1 Rxe1+
25. Bxe1 Qe4 (25... Qb1 26. Qe2 (26. Nf3 Bc6 $1 $17 {[%cal Yc8d8]} (26... Bd1))
26... Re8 (26... Bb5 27. Qe3 Rc1 28. Nf3) 27. Ne7 $18) 26. Ne3 Rc1 27. Nf3 Qb1
28. g3 $16) 24... Bb5 25. Ra1 (25. Ne3 Rxe3 26. fxe3 Bxf1 27. Kxf1 g5 28. Qf7 (
28. Nf3 Qc4+ $19) (28. Bc3 Qd3+ 29. Kf2 Qc2+ 30. Ke1 $11 (30. Kg3 gxh4+ $11))
28... Qd3+ 29. Kf2 Rc2+ 30. Kf3 Qe2+ 31. Ke4 Qg4+ 32. Kd5 gxh4 33. Qxf6+ Qg7
$13) (25. Nf4 Kg8 26. Re1 $2 (26. Qd5+ $11) 26... Rxe1+ 27. Bxe1 Qe4 28. Qd5+
Qxd5 29. Nxd5 Rc1 30. Nf3 Be2 $19) 25... Qc1+ 26. Qd1 Qc4 27. Nb6 Qxb4 28. Nxc8
Rxc8 29. Nf5 (29. Qf3 Bd7 $15 (29... Qxd4 $2 30. Ng6+ hxg6 31. Qh3+ $18)) 29...
Qxb2 30. h3 Rc2 (30... Bd3 $1 31. Nd6 Rc2 32. Qe1 h6 $36 (32... Re2 33. Qc1
$132)) 31. Rb1 Qc3 32. Qg4 $132 Rc1+ 33. Rxc1 Qxc1+ 34. Kh2 Qc7+ 35. Qg3 $14
Qxg3+ 36. Kxg3 g6 37. Ne3 (37. Nd6 Bc6) 37... Kg7 38. Kf4 Bd3 $1 $11 39. h4 Kf7
40. Nd5 Ke6 41. Nc3 Kd6 42. g4 h6 43. Ke3 (43. g5 $2 fxg5+ 44. hxg5 h5) 43...
Bc4 44. Ne4+ Ke7 45. Nc5 Bd5 46. Kf4 Kd6 47. h5 gxh5 48. gxh5 Kc6 49. Kf5 (49.
Ne4 $2 Bxe4 50. Kxe4 b5 51. axb6 Kxb6 52. Kd5 Kc7 (52... a5 53. Ke6 Kc7 (53...
a4 54. d5 a3 55. d6 a2 56. d7 a1=Q 57. d8=Q+ $16) 54. Ke7 (54. d5 $2 Kd8 $19)
54... Kc6 $11) 53. Kc5 Kd7 $19) 49... Bf7 (49... Kb5 50. Kxf6 Kxa5 51. Ke5 Bf3
52. d5 Kb6 53. d6 Bg4 54. Ne6 Kc6 55. Nd8+ Kb6 56. f4 (56. Kf6 Bc8 57. Ke7 a5
$132) 56... a5 57. f5 a4 58. Nf7 Kc6 59. Ke6 Bxf5+ 60. Kxf5 Kd7 $11) 50. Kxf6 {
White are missing last chance to fight for a victory} (50. Ne4 $1 Bxh5 (50...
Kd5 51. Ng3 $1 Kxd4 52. Kxf6 Be8 53. Kg7 $16) 51. d5+ Kc7 52. Ke6 Kd8 53. f4
$16) 50... Bxh5 51. Kg7 Bf3 52. Kxh6 Kd5 53. Nxb7 1/2-1/2

[Event "Olympiad-34"]
[Site "Istanbul"]
[Date "2000.11.06"]
[Round "9.1"]
[White "Ilincic, Zlatko"]
[Black "Lesiege, Alexandre"]
[Result "0-1"]
[WhiteElo "2563"]
[BlackElo "2584"]
[Annotator "Huzman,A"]
[PlyCount "70"]
[EventDate "2000.10.28"]
[EventType "team-swiss"]
[EventRounds "14"]
[EventCountry "TUR"]
[SourceTitle "EXT 2001"]
[Source "ChessBase"]
[SourceDate "2000.11.22"]
[SourceVersion "1"]
[SourceVersionDate "2000.11.22"]
[SourceQuality "1"]
[WhiteTeam "Yugoslavia"]
[BlackTeam "Canada"]
[WhiteTeamCountry "YUG"]
[BlackTeamCountry "CAN"]

1. d4 d5 2. c4 c6 (2... dxc4 3. e3 Nf6 4. Bxc4 e6 5. Nf3 c5 6. O-O a6 7. Bb3
cxd4 8. exd4 Nc6 9. Nc3 Be7 10. Bg5 O-O 11. Rc1 Na5 12. Bc2 b5 13. Ne5 Bb7 14.
Bxf6 Bxf6 15. Ne4 Rc8 16. Qd3 Bxe4 17. Qxe4 g6 18. Bb1 Bxe5 19. dxe5 Rxc1 20.
Rxc1 Qd2 21. Qc2 Rd8 $17 {0-1 Horvath,J-Ibragimov,I/Odorheiu Secuiesc 1993/CBM
36 (34)}) 3. Nf3 Nf6 4. e3 e6 5. Bd3 dxc4 6. Bxc4 c5 7. O-O a6 8. Bb3 cxd4 9.
exd4 Nc6 10. Nc3 Be7 11. Bg5 O-O 12. Rc1 Na5 13. Bxf6 (13. Bc2 b5 14. a4 b4 15.
Ne4 Bb7 16. Bxf6 Bxf6 17. Ne5 Bxe5 18. dxe5 Qxd1 19. Rfxd1 Bd5 20. Nd6 Rfd8 21.
f4 Rd7 22. Kf2 $14 {1/2-1/2 Agrest,E-Berg,K/Malmo op 1993 (43)}) 13... Bxf6 14.
Ne4 b5 15. Ne5 Bb7 16. Nc5 (16. Bc2 $142 Bxe4 (16... Nc4 $5 17. Nxf6+ Qxf6 18.
Qd3 Qh4 19. Nxc4 bxc4 20. Qxc4 Bxg2 $11) 17. Bxe4 Rc8 18. Qd3 g6 $11) 16...
Nxb3 17. Nxb7 $2 (17. axb3 Qd5 18. Nxb7 Qxb7 $15) (17. Qxb3 Qxd4 18. Ned7 Bd5
$17) 17... Qxd4 18. Nc6 Qxd1 19. Rcxd1 Rfc8 20. Rd6 Rc7 $19 21. axb3 Rxb7 22.
Rfd1 g6 23. R1d2 a5 24. f4 Rb6 25. g4 (25. Ne5 Rxd6 26. Rxd6 Rd8 27. Rxd8+ Bxd8
28. Kf2 Bb6+ 29. Kf3 f6 30. Nd3 Kf8 $19) 25... Raa6 26. g5 Bxg5 27. fxg5 Rxc6
28. Rd8+ Kg7 29. h4 Rc5 30. R8d7 (30. Rb8 h6 $19) 30... Rac6 31. Ra7 b4 32. Rd8
Rc8 33. Rdd7 Rf5 34. Rac7 Rxc7 35. Rxc7 Rf3 0-1

[Event "Olympiad-34"]
[Site "Istanbul"]
[Date "2000.11.08"]
[Round "11.1"]
[White "Kozul, Zdenko"]
[Black "Baburin, Alexander"]
[Result "0-1"]
[WhiteElo "2611"]
[BlackElo "2590"]
[Annotator "Huzman,A"]
[PlyCount "126"]
[EventDate "2000.10.28"]
[EventType "team-swiss"]
[EventRounds "14"]
[EventCountry "TUR"]
[SourceTitle "EXT 2001"]
[Source "ChessBase"]
[SourceDate "2000.11.22"]
[SourceVersion "1"]
[SourceVersionDate "2000.11.22"]
[SourceQuality "1"]
[WhiteTeam "Croatia"]
[BlackTeam "Ireland"]
[WhiteTeamCountry "CRO"]
[BlackTeamCountry "IRL"]

1. d4 d5 2. c4 dxc4 3. Nf3 a6 4. e3 e6 5. Bxc4 c5 6. O-O Nf6 7. Bb3 b5 8. a4 b4
9. a5 Nc6 $146 (9... Bb7 10. Ne5 (10. Nbd2 Nbd7 11. e4 Nxe4 12. Nxe4 Bxe4 13.
Ng5 Bd5 14. Bxd5 exd5 15. Re1+ Be7 16. Qh5 g6 17. Qh6 Nf6 18. Qg7 Kd7 19. Qxf7
{1-0 Cvitan,O-Giertz,N/Biel 1997/CBM 60 ext (19)}) 10... Nbd7 11. Ba4 Qc7 12.
e4 Bxe4 13. Bg5 Rd8 14. Nd2 Bd5 15. Nxd7 Rxd7 16. Bxd7+ Nxd7 17. dxc5 Bxc5 18.
Qg4 Qe5 19. Qf4 Qxb2 20. Qc7 f6 21. Bf4 g5 22. Qc8+ Ke7 23. Qxh8 $18 {1-0 Bets,
A-Maly,A/Rector Cup Kharkov 2000 (30)}) (9... Be7 10. Ba4+ Nbd7 11. Ne5 Qc7 12.
Nd2 O-O 13. Ndc4 cxd4 14. exd4 Nxe5 15. Nxe5 Qxa5 16. Bf4 Qb6 17. Nc6 Nd5 18.
Nxe7+ Nxe7 19. Rc1 Ra7 20. Rc5 Bd7 $17 {1/2-1/2 Petronic,J-Stojanovic,D/
Bjeljina YUG 2000 (31)}) (9... Nbd7 10. e4 Nxe4 11. Re1 Ndf6 12. Ba4+ Bd7 13.
Ne5 Bb5 14. Nd2 Nxd2 15. Bxd2 Bd6 16. Bxb5+ axb5 17. Qf3 O-O 18. Nc6 Qc7 19.
dxc5 Bxc5 20. Nxb4 $14 {1-0 Chabanon,J-Prie,E/Clichy 1997/EXT 99 (39)}) 10.
Nbd2 (10. Qc2 $5 Nxa5 $140 11. Ba4+ Bd7 12. dxc5 Rc8 13. Bxd7+ Nxd7 14. Qa4
Rxc5 15. e4 $44) 10... cxd4 11. Ba4 (11. exd4 Nxd4 (11... Bb7 12. Nc4) (11...
Nxa5 12. Ba4+ (12. Bxe6 Bxe6 13. Qa4+ Qd7 14. Qxa5 Be7 $15) 12... Bd7 13. Bxd7+
Nxd7 14. d5 $1 exd5 15. Re1+ Be7 16. Nd4 $44) 12. Nxd4 Qxd4 13. Nc4 $44) 11...
Bb7 12. Nc4 (12. Nxd4 Qc7 13. Qc2 Rc8 $11) 12... Qc7 13. Nb6 (13. Nxd4 Bc5 (
13... Nd7 14. Nb6 $1) 14. Ne5 Bxd4 15. Qxd4 (15. exd4 O-O 16. Bxc6 Bxc6 17. Bg5
Nd7 $11 (17... Bd5 18. Bxf6 gxf6 $11)) 15... O-O 16. Nxc6 Bxc6 17. Bxc6 Qxc6
18. Qxb4 Rfd8 $44) 13... Rd8 14. exd4 (14. Nxd4 $2 e5 $19) 14... Bc5 15. Be3
O-O (15... Bxb6 $2 16. axb6 Qxb6 17. Rc1 Nd5 18. Ne5 Rc8 19. Bxc6+ Bxc6 20.
Rxc6 Rxc6 21. Qa4 $18) 16. Qc2 Bxb6 17. axb6 Qd6 18. Rfc1 (18. Qc5 Ne7 19. Ne5
(19. Qxd6 Rxd6 20. d5 $5 Rxd5 21. Rfc1 $44) 19... Ned5 20. Bc6 Bxc6 21. Nxc6
Ne4 22. Qc2 b3 $1 23. Qxe4 Qxc6 24. Rxa6 Ra8 $15) (18. Bxc6 Qxc6 19. Qxc6 Bxc6
20. Rfc1 Bb5 (20... Bxf3 21. gxf3 Nd5 22. Rxa6 Rd6 23. Bd2 f6 $14) 21. Bf4 Nd5
22. Bc7 Rc8 (22... Nxc7 23. bxc7 (23. Rxc7))) 18... Ne7 19. Qc7 (19. Ne5 Rc8
20. Qd2 Nf5 $17) 19... Bxf3 20. gxf3 Nfd5 21. Qc5 Qxb6 (21... Nxb6 22. Bb3 Nbd5
23. Bc4) 22. Bb3 $2 (22. Qxb6 Nxb6 23. Bb3 Ra8 24. Ra5 $44) 22... Qb7 $17 23.
Bg5 Rc8 24. Qa5 Nf5 25. Bxd5 exd5 26. Rxc8 Rxc8 27. Qxa6 Qxa6 28. Rxa6 Nxd4 29.
Kg2 h6 30. Bd2 Rc6 (30... Rc4 31. Ra5) (30... Nc6 31. Rb6) (30... Nc2 31. Kf1 {
[%csl Rc2]}) 31. Ra8+ Kh7 32. Bxb4 Rg6+ 33. Kf1 Nxf3 34. Ke2 (34. h3 Rb6 35.
Ba3 Kg6 36. Rd8 Rb5 $17) 34... Nxh2 35. Bc5 Re6+ 36. Kd3 Ng4 37. Rd8 h5 (37...
Nf6 38. b4 Kg6 39. b5 Re1 40. b6 Rb1 {[%cal Yh6h1]}) 38. Rxd5 Kg6 39. Bd4 h4
40. f3 (40. f4 f5 41. Rd7 Nf6 42. Bxf6 Kxf6 43. Rd8 Re4 $19) 40... Nf6 41. Ra5
h3 42. Ra1 Nd5 $1 43. Kc4 (43. Rg1+ Kf5 44. Rxg7 Nf4+ 45. Kc4 Rc6+ 46. Kb5 h2
47. Rh7 Rc2 48. b4 (48. Bc3 Kg5 49. Be5 f6 50. Bd6 Nh5 51. Bxh2 Rxb2+ 52. Kc4
Rxh2 $19) 48... Ne2 $19 {[%cal Ye2g3]}) 43... Ne3+ (43... Nf4 44. b4 Rc6+ 45.
Kb3 Ne6 46. Be3 $132 {[%cal Gb4b5]}) 44. Kc5 Nf5 45. Rh1 Re8 46. Bc3 Rh8 47.
Be5 f6 (47... Rh5 48. Kc4 f6 49. Bc7) 48. Bc7 Rh5 49. Kc4 Ne3+ 50. Kd4 Nd5 51.
Bd6 Kf7 52. Bg3 Ne7 53. Kd3 Nc6 54. Ke3 Ke6 55. Be1 Ne5 56. b3 g5 57. Kf2 f5
58. Bc3 f4 59. Bxe5 (59. Re1 h2 60. Kg2 h1=Q+ 61. Rxh1 Rxh1 62. Kxh1 Nxf3 63.
Kg2 g4 64. b4 Nh4+ 65. Kf1 Kd5 $19) 59... Kxe5 60. Rd1 Rh6 61. Kg1 h2+ 62. Kg2
$2 {Just a blunder. It is not clear if Black can win after} (62. Kh1 Rh3 63.
Kg2 h1=Q+ (63... Rg3+ 64. Kf2) 64. Rxh1 Rxh1 65. Kxh1 Kd4 66. b4 (66. Kg2 Ke3
67. b4 g4 68. b5 Ke2 69. b6 gxf3+ 70. Kh2 f2 71. b7 f1=Q 72. b8=Q Qf2+ 73. Kh1
Qh4+ 74. Kg1 $15) 66... Ke3 (66... Kc4 67. Kg2 Kxb4 68. Kh3 Kc5 $11) 67. b5 g4
68. b6 gxf3 69. b7 f2 70. b8=Q f1=Q+ 71. Kh2 $15) 62... g4 63. fxg4 h1=Q+ 0-1